[Event "Budapest Spring Festival 2018"]
[Site "Budapest"]
[Date "2018.04.19"]
[Round "2"]
[White "Orosz, Andras"]
[Black "Kobo, Ori"]
[Result "0-1"]
[WhiteElo "2324"]
[BlackElo "2484"]
[Annotator "TA"]
[PlyCount "72"]
[EventDate "2018.??.??"]
[EventType "swiss"]
[EventCountry "HUN"]
[SourceTitle "playchess.com"]
[Source "ChessBase"]
[SourceQuality "1"]

{[%evp 11,72,33,32,18,20,15,35,30,26,0,0,0,0,-45,-9,-27,0,0,0,0,7,-65,-60,-66,-60,-56,-55,-47,-56,-143,-145,-204,-205,-250,-243,-253,-233,-224,-134,-126,-106,-106,-102,-102,-103,-154,-94,-140,0,-127,0,-362,-353,-465,-163,-635,-170,-628,-631,-627,-600,-596,-585]} 1. d4 Nf6 2. Nf3 d6 3. c4 g6 4. g3 Bf5 5. Nc3 Bg7 6. Bg2 Ne4 {LiveBook: 56 Games} 7. Nd2 {E62: King's Indian: Fianchetto: 6...c6 and Panno Variation (6...Nc6) without ...a6} (7. Bd2 Nxd2 8. Qxd2 Nc6 9. O-O O-O 10. Rad1 a6 11. b3 Rb8 12. h3 b5 13. cxb5 axb5 14. Rc1 Bd7 15. e3 {½-½ (15) Cvitan,O (2484)-Bauer,C (2647) Zuerich 2017}) 7... Nxc3 8. bxc3 Nc6 9. Nb3 $146 {White is slightly better.} ({Predecessor:} 9. e4 Bd7 10. Nb3 a5 11. a4 e5 12. d5 Ne7 13. c5 O-O 14. O-O f5 {1-0 (41) Chernuschevich,A (2520)-Adler,J (2267) Switzerland 2008}) 9... Qc8 10. h3 a5 11. a4 e5 12. Ba3 O-O 13. d5 (13. g4 $5 {[%cal Rg4f5]} Bd7 14. c5 $11) 13... Nb8 {[%cal Bc6b8,Bb8a6,Ba6b4][%mdl 32]} 14. c5 Rd8 15. c4 Na6 16. g4 (16. cxd6 $11 cxd6 17. g4) 16... Bd7 $15 17. c6 bxc6 18. dxc6 Be6 $36 {[%mdl 2048] Black fights for an advantage.} 19. Bd5 {[#]} e4 $1 {[%mdl 512] Threatens to win with ...Bxd5.} 20. Rc1 (20. Nd4 $15) (20. Bxe4 Nc5) 20... Nb4 $17 21. Bxb4 (21. Kf1 $17) 21... axb4 $19 22. a5 Bc3+ 23. Kf1 Rf8 24. e3 Kh8 (24... Bxd5 $19 25. cxd5 f5) 25. Rg1 Ra6 26. Rxc3 bxc3 27. Qd4+ Kg8 {aiming for ...Qb8.} 28. Qxc3 (28. Bxe4 $142 f5 29. gxf5 Bxf5 30. Bd5+ Be6 31. Ke2) 28... Ra8 ({Black should try} 28... Bxd5 29. cxd5 Ra8) 29. Nd4 Rb8 ({Stronger than} 29... Bxd5 30. Nf5 $16) ({Black should play} 29... Qe8 $17 30. Qa3 Ra6) 30. Rg3 {[#]} (30. Nxe6 $11 fxe6 31. Bxe4) 30... Re8 (30... Qe8 $1 $17 {...Bxd5 is the strong threat.} 31. Nxe6 fxe6 32. Bxe4 Qf7) 31. Kg2 $2 {[%mdl 8192]} (31. Nxe6 $11 {and White has nothing to worry.} fxe6 32. Bxe4) 31... Bxd5 32. Nf5 gxf5 $2 (32... Re5 33. Qxe5 dxe5 34. Ne7+ Kf8 35. Nxc8 Be6) 33. gxf5+ Kf8 34. Qg7+ $2 (34. Qf6 Re5 35. cxd5 Rxf5 36. Qh6+ Ke7 37. Qh4+ Rf6 38. Qxe4+ Kf8 39. Qxh7) 34... Ke7 {Black is clearly winning.} 35. f6+ {[#]} Kd8 $1 36. cxd5 {White threatens Qg8! and mate.} Qf5 {Precision: White = 34%, Black = 54%.} 0-1

[Event "Budapest Spring Festival 2018"]
[Site "Budapest"]
[Date "2018.04.19"]
[Round "2"]
[White "Miroshnichenko, Pavel"]
[Black "Deac, Bogdan-Daniel"]
[Result "1/2-1/2"]
[WhiteElo "2258"]
[BlackElo "2578"]
[Annotator "TA"]
[PlyCount "97"]
[EventDate "2018.??.??"]
[EventType "swiss"]
[EventCountry "HUN"]
[SourceTitle "playchess.com"]
[Source "ChessBase"]
[SourceQuality "1"]

{[%evp 12,97,0,0,14,6,0,-6,4,0,14,4,0,0,5,6,0,0,0,0,6,-34,-34,-20,0,-13,28,30,30,32,31,31,33,33,49,14,5,0,0,0,0,3,8,6,18,0,0,0,0,0,0,0,0,0,0,0,0,0,0,-39,-33,-31,-24,-102,-32,-30,0,0,0,-5,-5,-18,0,0,0,0,0,0,0,0,0,0,0,0,0,0,0,0]} 1. e4 e5 2. Nf3 Nc6 3. Nc3 Nf6 4. g3 Bb4 5. Bg2 Bxc3 6. dxc3 {C47: Scotch Four Knights and Four Knights with 4 g3} d6 7. O-O {LiveBook: 4 Games} (7. Nd2 Be6 8. O-O Qd7 9. Re1 Bh3 10. Nf1 h5 11. Bg5 Nh7 12. Bd2 h4 13. Bxh3 Qxh3 {1-0 (50) Amonatov,F (2620)-Fressinet,L (2672) Doha 2016}) 7... Be6 8. Qd3 $146 ({Predecessor:} 8. Nh4 O-O 9. Qd3 d5 10. Bg5 dxe4 11. Qxd8 Rfxd8 12. Bxf6 gxf6 13. Bxe4 {½-½ (40) Yin,H (2496)-Xie,J (2542) Shanghai 2000}) 8... h6 9. c4 Qd7 10. Bd2 b6 11. Nh4 Bh3 12. Nf5 Bxf5 13. exf5 O-O $1 14. f4 Rae8 15. fxe5 Nxe5 16. Qd4 c5 17. Qf4 a6 18. a4 b5 19. cxb5 axb5 20. axb5 Qxb5 21. Bc3 Qb6 22. h3 Nh5 23. Qh4 Nf6 24. Rad1 Re7 25. Qf4 Nh5 26. Qf2 Nf6 27. b3 Rd8 28. Qd2 Qb8 29. Qf2 Qc7 30. Qd2 {Black must now prevent Ba5.} Rdd7 31. Ba5 Qb8 32. Qf2 Qb5 33. Bc3 d5 {[%cal Bd6d5,Bd5d4][%mdl 32]} 34. Ra1 d4 35. Ra5 Qb6 36. Ra8+ Kh7 37. Bd2 {[#]} (37. Ba5 $1 $11 Qd6 38. Bd2) 37... c4 ({Better is} 37... d3 $1 $17 {[%cal Rd3c2]} 38. Be3 dxc2 39. Bxc5 Qc7) 38. g4 $15 {And now g5 would win.} Ra7 (38... cxb3 {is more complex.} 39. cxb3 Re8 40. Rxe8 Nxe8 41. f6 Qxf6 42. Qxf6 Nxf6 43. Rf5 Ng6) 39. Rxa7 {The position is equal.} Qxa7 40. g5 $132 {[%mdl 2048] White puts up resistance} hxg5 41. bxc4 Nxc4 42. Bxg5 {[#] Hoping for Qh4+.} Qb6 43. Rd1 Ne3 44. Qh4+ Kg8 45. Qxd4 Qxd4 46. Rxd4 Nxc2 47. Rd8+ Kh7 48. Rd6 Ne3 49. Bxf6 {Precision: White = 59%, Black = 61%.} 1/2-1/2

[Event "Budapest Spring Festival 2018"]
[Site "Budapest"]
[Date "2018.04.19"]
[Round "2"]
[White "Mihalik, Agoston"]
[Black "Henderson de La Fuente, Lance"]
[Result "1-0"]
[WhiteElo "2168"]
[BlackElo "2459"]
[Annotator "TA"]
[PlyCount "79"]
[EventDate "2018.??.??"]
[EventType "swiss"]
[EventCountry "HUN"]
[SourceTitle "playchess.com"]
[Source "ChessBase"]
[SourceQuality "1"]

{[%evp 15,79,50,52,0,0,0,0,0,0,1,-6,-30,-21,0,91,-53,0,0,0,-10,-3,-8,0,-5,-6,0,-2,-7,-2,-10,-11,-23,-18,-37,-17,-20,0,0,0,0,67,70,123,130,174,0,93,91,93,114,87,75,104,27,103,36,189,9,35,37,59,55,82,19,15,12]} 1. e4 c5 2. Nf3 e6 3. d4 cxd4 4. Nxd4 Nc6 5. Nc3 Qc7 6. Be3 a6 7. Qf3 {B48: Sicilian: Taimanov: 5 Nc3 Qc7 6 Be3 a6 without Be2} Ne5 (7... Nf6 8. O-O-O Ne5 9. Qg3 b5 10. a3 Bb7 11. Bxb5 Rc8 12. Ba4 Nxe4 13. Nxe4 Bxe4 14. Bf4 Qc4 15. Bxe5 Qxa4 {1-0 (38) Vachier Lagrave,M (2789)-Anand,V (2776) Karlsruhe/Baden-Baden 2018}) 8. Qg3 b5 {LiveBook: 8 Games} 9. Bf4 (9. a3 $14) 9... d6 $11 10. a3 $146 ({Predecessor:} 10. Bxb5+ axb5 11. Ndxb5 Qb8 12. O-O-O Nf6 13. Nxd6+ Bxd6 14. Qxg7 Rg8 15. Qxf6 {1-0 (28) Gorovets,A (2529)-Drozdowski,K (2467) Dallas 2017}) 10... Nf6 11. Bg5 Be7 12. f4 Ned7 13. O-O-O Bb7 14. Bd3 g6 (14... Rb8 $11 {remains equal.}) 15. Qf3 (15. Qh4 $1 $16) 15... O-O-O (15... Qb6 $15 16. Nb3 h6) 16. Bh4 Nc5 17. Bf2 Kb8 18. Kb1 Rc8 19. Qe2 d5 {[%cal Rd5e4]} 20. e5 Nfe4 21. Bxe4 Nxe4 22. Nxe4 dxe4 23. Nb3 Bd5 24. Rd4 Rhd8 25. Rhd1 f5 26. exf6 Bxf6 {Hoping for ...Bxb3.} 27. R4d2 Rd6 (27... Be7 $11) 28. Nc5 $14 Rc6 ({Black should play} 28... Rcd8 $14) 29. Nxe4 $16 Bh8 30. g3 $2 (30. Bg3 $1 $18) 30... h6 (30... Rc4 $11 31. Ng5 Qb7) 31. c3 Rc4 32. Bd4 g5 33. Nf2 gxf4 {[#]} 34. gxf4 (34. Bxh8 $1 $16 Rxh8 35. gxf4) 34... Qxf4 (34... Qh7+ $11 35. Ka1 Bxd4 36. Rxd4 Rxd4 37. Rxd4 Rg8) 35. Nd3 (35. Bxh8 $16 Rxh8 36. Nd3) 35... Qc7 $2 (35... Qe4 $14 36. Bxh8 Qxe2 37. Rxe2 Rxh8) 36. Ne5 $2 (36. Bxh8 $18 Rxh8 37. Nb4) 36... Qh7+ 37. Ka1 R4c7 38. Rg1 Qe4 {[#]} 39. Qxe4 ({White should try} 39. Qd1 $1 $16) 39... Bxe4 $11 40. Rf2 {[%mdl 32768] Precision: White = 32%, Black = 33%. . Loss on Time!?} 1-0

[Event "Budapest Spring Festival 2018"]
[Site "Budapest"]
[Date "2018.04.19"]
[Round "2"]
[White "Milikow, Yoav"]
[Black "Tica, Sven"]
[Result "0-1"]
[WhiteElo "2132"]
[BlackElo "2442"]
[Annotator "TA"]
[PlyCount "92"]
[EventDate "2018.??.??"]
[EventType "swiss"]
[EventCountry "HUN"]
[SourceTitle "playchess.com"]
[Source "ChessBase"]
[SourceQuality "1"]

{[%evp 21,92,0,3,-7,51,51,47,0,49,58,35,39,56,43,56,11,16,20,35,11,7,0,0,11,18,38,32,5,12,-53,-47,-47,-48,-38,-55,-64,-78,-55,-72,-121,-130,-147,-147,-141,-159,-151,-144,-218,-214,-227,-176,-176,-176,-183,-190,-349,-128,-221,-216,-305,-303,-301,-299,-405,-368,-386,-372,-923,-914,-913,-911,-1100,-1018]} 1. d4 Nf6 2. c4 e6 3. Nc3 Bb4 4. e3 d5 5. a3 Bxc3+ 6. bxc3 c5 7. cxd5 exd5 8. Bd3 O-O 9. Ne2 b6 10. O-O Ba6 11. Bxa6 {E49: Nimzo-Indian: Rubinstein: 5 Bd3 d5 6 a3 Bxc3+ 7 bxc3} Nxa6 {LiveBook: 79 Games} 12. c4 $146 ({Predecessor:} 12. f3 Nc7 13. Ng3 Re8 14. Ra2 Nb5 15. Qd3 Nd6 16. Re2 Qd7 17. e4 Qb5 18. Qxb5 Nxb5 19. Bb2 Nd6 20. e5 Nc4 21. exf6 Rxe2 22. Nxe2 Nxb2 23. dxc5 bxc5 {½-½ (32) Jones,G (2625)-Wojtaszek,R (2727) Gibraltar 2016}) 12... Qe7 (12... cxd4 $11 13. Nxd4 dxc4) 13. cxd5 $14 {White is slightly better.} Nxd5 14. dxc5 Rfd8 {Strongly threatening ...Nxe3.} (14... Qe5 $5 {[%cal Re5a1]} 15. Rb1 Rfd8 $11) 15. Nd4 $1 {[%cal Rd4c6] Nc6 is the strong threat.} Qxc5 16. Bb2 Qc8 17. Qf3 Ne7 $1 18. Qg3 f6 $1 19. e4 Nc5 20. e5 fxe5 21. Qxe5 {Threatens to win with Nc6.} Ng6 22. Qg3 Rd5 23. f4 {Black must now prevent f5.} Qc7 24. Rac1 Qd6 25. Rcd1 (25. Qe3 $11) 25... Rf8 $1 $36 {[%cal Rg6f4][%mdl 2048] Black has some pressure.} 26. f5 Qxg3 27. hxg3 Ne5 {aiming for ...Nc4.} 28. Nb5 Rxd1 29. Rxd1 Nc4 30. Bc1 {[#]} a6 $1 {[%cal Ra6b5]} 31. Nc7 Rxf5 32. Nd5 Re5 33. Bf4 Re2 34. Kf1 (34. Nc3 $17 Rc2 35. Rd8+ Kf7 36. Nd5) 34... Ra2 $19 35. Re1 Rxa3 36. Re8+ Kf7 37. Re7+ Kg6 38. g4 $2 (38. Rc7) 38... h6 $2 (38... Rd3 $19 39. Ne3 Rd7 40. Rxd7 Nxe3+ 41. Ke2 Nxd7 42. Bxe3 b5) 39. Ke2 (39. Nxb6 $17 {was necessary.} Ra1+ 40. Ke2 Ra2+ 41. Kf1) 39... b5 40. Bc1 (40. Nc7 {might work better.} Ra2+ 41. Kf3) 40... Ra2+ 41. Kf3 {If only White now had time for Nf4+....} Nd3 42. Re6+ Kf7 43. Re7+ Kf8 44. Bf4 $2 (44. Be3 Nde5+ 45. Ke4) 44... Rf2+ {Black is clearly winning.} 45. Kg3 {[#]} Rxf4 $1 46. Nxf4 Kxe7 {Precision: White = 35%, Black = 64%.} 0-1

[Event "Budapest Spring Festival 2018"]
[Site "Budapest"]
[Date "2018.04.19"]
[Round "2"]
[White "Milikow, Elie"]
[Black "Bryzgalin, Kirill"]
[Result "0-1"]
[WhiteElo "2055"]
[BlackElo "2440"]
[Annotator "TA"]
[PlyCount "114"]
[EventDate "2018.??.??"]
[EventType "swiss"]
[EventCountry "HUN"]
[SourceTitle "playchess.com"]
[Source "ChessBase"]
[SourceQuality "1"]

{[%evp 9,114,50,78,73,75,77,75,47,57,32,38,24,31,20,43,0,0,-41,-43,-56,-52,-64,-69,-67,-63,-68,0,0,0,0,0,0,0,0,0,0,33,0,156,98,172,164,176,0,0,0,0,0,0,5,106,-215,-209,-285,-293,-282,-286,-335,-343,-326,-329,-807,-859,-729,-747,-877,-945,-972,-962,-963,-713,-510,-644,-583,-532,-3058,-2215,-29941,-1268,-750,-1499,-29972,-29973,-29978,-29979,-29980,-29981,-29981,-29982,-29984,-29982,-29982,-29983,-29983,-29984,-29984,-29985,-29985,-29986,-29986,-29987,-29987,-29988,-29988,-29989,-29990,-29990]} 1. e4 e5 2. Nf3 Nc6 3. Bc4 g6 4. O-O (4. d4 exd4 5. c3 d3 6. O-O d6 7. Qb3 Qd7 8. Ng5 Nh6 9. Bxd3 Bg7 10. f4 O-O 11. Na3 Ng4 12. Bd2 b6 {½-½ (54) Van Kampen,R (2643)-Granda Zuniga,J (2662) Linares 2017}) 4... Bg7 5. c3 h6 6. d4 {C50: Hungarian Defence and Giuoco Pianissimo} d6 7. dxe5 dxe5 8. Qxd8+ $146 {White is better.} (8. Qa4 {is more complex.} Nge7 9. Rd1 Bd7 10. Qb3 O-O 11. Qxb7 Na5 12. Qa6) ({Predecessor:} 8. Be3 Qxd1 9. Rxd1 Nge7 10. Na3 a6 11. Nd2 O-O 12. Nb3 {1-0 (56) Neidig,S (2250)-Goergens,M (2109) Germany 2003}) 8... Nxd8 {[%cal Bc6d8,Bd8e6,Be6f4][%mdl 32]} 9. a4 Ne7 10. Na3 {[%cal Bb1a3,Ba3c2,Bc2b4][%mdl 32] Threatens to win with Nb5.} a6 11. Nc2 f5 12. Nb4 (12. Re1 {looks sharper.} fxe4 13. Nd2 Be6 14. Ne3 Bf5 15. b4) 12... Be6 13. Bxe6 Nxe6 14. exf5 gxf5 15. Nxe5 Bxe5 16. Re1 O-O-O {[#] And now ...Ng6 would win.} 17. h4 $1 Bf4 (17... Ng6 $15 18. h5 Nh4) 18. Bxf4 $11 Nxf4 19. Rxe7 Rhg8 20. g3 a5 21. Nc2 {aiming for Nd4.} Rd2 $1 {[%cal Rd2c2]} 22. Nd4 Rxb2 23. Kf1 Ng6 $2 (23... Nd3 $11 24. Re2 Rf8) 24. Re6 $36 {[%mdl 2048] White has strong initiative.} (24. Rf7 $142) 24... f4 (24... h5 $16 {was worth a try.}) 25. h5 $18 Nf8 26. Nf5 $2 ({Don't do} 26. Rxh6 $6 fxg3 27. fxg3 b6 $14) ({White must play} 26. Re8+ $18 Kd7 27. Rae1) 26... Nxe6 $11 27. Ne7+ Kb8 28. Nxg8 fxg3 29. fxg3 {[%mdl 4096] Endgame KRN-KRN} Nc5 (29... Ng5 $11) 30. Nxh6 $2 {[%mdl 8192]} (30. Re1 $16 {is necessary to keep the advantage.}) 30... Rh2 $19 31. Kg1 Rxh5 32. Nf7 Rf5 33. Rf1 Rxf1+ 34. Kxf1 Nxa4 {KN-KN} 35. Ke2 $2 (35. c4) 35... Nxc3+ 36. Kd3 Nd5 37. Ne5 c6 38. g4 Kc7 39. g5 a4 40. g6 Nf4+ 41. Kc3 Ne6 42. Kc2 b5 {[%cal Bb7b5,Bb5b4][%mdl 32]} 43. Kb2 c5 (43... Kd6 $142 44. Nd3 c5 45. Ka3 Ke7 46. g7 Kf7 47. Nf2 Kxg7 48. Ne4 Kg6 49. Nd6 Nc7 50. Ne4 c4 51. Ng3 Kf6 52. Ne4+ Ke5 53. Ng5 c3 54. Nf7+ Kd4 55. Nh8 {[#]} b4+ $1 {[%mdl 512]} 56. Kxb4 c2 57. Nf7 c1=Q 58. Nd6 Qb2+ 59. Kxa4 Nd5 60. Nf5+ Kc5 61. Nh6 Qb4#) 44. Nd3 Kd6 45. Nc1 Ke5 {Black mates.} 46. Ne2 b4 47. Ng3 Kf6 48. g7 Kxg7 49. Ne4 Kg6 50. Nd6 Kf6 51. Nc4 Kf5 52. Nb6 a3+ 53. Kb3 Ke4 54. Na4 Kd3 55. Nb6 Nd4+ 56. Ka2 c4 57. Nd7 Kc2 {Precision: White = 24%, Black = 75%.} 0-1

[Event "Budapest Spring Festival 2018"]
[Site "Budapest"]
[Date "2018.04.20"]
[Round "3"]
[White "Onischuk, Vladimir"]
[Black "Mihalik, Agoston"]
[Result "1-0"]
[WhiteElo "2630"]
[BlackElo "2168"]
[Annotator "TA"]
[PlyCount "61"]
[EventDate "2018.??.??"]
[EventType "swiss"]
[EventCountry "HUN"]
[SourceTitle "playchess.com"]
[Source "ChessBase"]
[SourceQuality "1"]

{[%evp 18,61,20,28,39,19,52,46,51,53,56,31,77,60,72,66,199,165,189,200,199,191,206,200,221,213,218,208,218,218,216,201,208,208,483,431,604,585,566,553,585,571,879,876,819,824]} 1. e4 c5 2. Nf3 d6 3. d4 cxd4 4. Nxd4 Nf6 5. Nc3 a6 6. a4 g6 7. g3 Bg7 8. Bg2 O-O 9. h3 Qc7 10. O-O Nc6 {B91: Sicilian Najdorf: 6 g3} 11. Nb3 $146 ({Predecessor:} 11. Nde2 Nb4 12. Be3 Be6 13. a5 Nd7 14. Ra4 Nc6 15. Qa1 Nce5 16. Nf4 Rac8 17. Ncd5 Bxd5 18. Nxd5 {1-0 (49) Ter Sahakyan,S (2572)-Pavlidou,E (2188) Yerevan 2014}) 11... Be6 12. Nd5 Bxd5 {White is slightly better.} 13. exd5 Na5 14. Nd4 Nd7 15. c3 Bxd4 16. cxd4 Qc4 ({Black should try} 16... Nf6 $14) 17. Ra3 $18 {Black must now prevent Bd2.} b5 18. b3 Qc7 19. Bd2 Nb7 20. Qa1 b4 21. Bxb4 Nf6 22. Rc1 {[%cal Bf1c1,Bc1c2,Bc2c7][%mdl 32]} Qd7 23. Ra2 Rfc8 24. Rac2 Rxc2 25. Rxc2 Qf5 $2 {[#]} (25... h5 26. Qc1 Ne8) 26. Rc7 $1 {[%csl LRb7,LRe7] White is clearly winning.} Rb8 (26... a5 $142 27. Bd2 (27. Rxb7 axb4 28. a5 Qc8 $18) 27... Rb8) 27. g4 Qg5 28. Qe1 Nxd5 29. Bd2 Qxd2 30. Qxd2 Nxc7 31. Qc3 {Precision: White = 81%, Black = 33%.} 1-0

[Event "Budapest Spring Festival 2018"]
[Site "Budapest"]
[Date "2018.04.20"]
[Round "3"]
[White "Banusz, Tamas"]
[Black "Torma, Robert"]
[Result "1-0"]
[WhiteElo "2617"]
[BlackElo "2473"]
[Annotator "TA"]
[PlyCount "83"]
[EventDate "2018.??.??"]
[EventType "swiss"]
[EventCountry "HUN"]
[SourceTitle "playchess.com"]
[Source "ChessBase"]
[SourceQuality "1"]

{[%evp 19,83,0,0,0,0,0,0,0,0,0,9,0,0,2,27,25,30,43,42,42,42,42,53,47,68,66,72,42,89,74,76,51,43,32,43,45,54,32,27,28,40,52,38,51,71,71,73,56,95,95,95,95,95,95,95,95,114,101,95,100,208,208,441,389,482,495]} 1. d4 d5 2. Nf3 Nf6 3. c4 e6 4. g3 Bb4+ 5. Bd2 Bd6 6. Bg2 {E01: Catalan: Early deviations} c6 7. O-O Nbd7 8. b3 Ne4 9. Bc1 O-O 10. Qc2 f5 {LiveBook: 7 Games} 11. Ba3 Bxa3 12. Nxa3 Qe7 13. Qb2 $146 b6 14. Rac1 Ba6 15. Rfd1 Rac8 16. e3 b5 17. c5 Bb7 18. Nc2 {[%cal Ba3c2,Bc2e1,Be1d3,Bd3e5][%mdl 32]} a5 19. Nce1 b4 20. Nd3 Ba6 21. Nde5 Nxe5 22. Nxe5 Bb5 23. Bf1 Bxf1 24. Rxf1 Qb7 25. f3 Nf6 26. a3 Nd7 27. Nxd7 Qxd7 28. axb4 axb4 29. Ra1 Ra8 30. Ra2 Qb7 31. Rfa1 h5 32. f4 Kh7 33. Qe2 Kh6 34. Ra6 Rfb8 35. Kg2 Rxa6 36. Qxa6 $16 {[%mdl 4096] Endgame KQR-KQR} Qc7 37. Ra4 Kg6 38. Qa7 Rb7 39. Qa5 Qb8 (39... Qc8 $16) 40. Qa8 $18 Qc7 $2 {[#]} (40... Kf6 41. Qxb8 Rxb8) 41. Qe8+ Kf6 42. Ra6 {Precision: White = 77%, Black = 56%.} 1-0

[Event "Budapest Spring Festival 2018"]
[Site "Budapest"]
[Date "2018.04.20"]
[Round "3"]
[White "Gledura, Benjamin"]
[Black "Costachi, Mihnea"]
[Result "1-0"]
[WhiteElo "2616"]
[BlackElo "2462"]
[Annotator "TA"]
[PlyCount "67"]
[EventDate "2018.??.??"]
[EventType "swiss"]
[EventCountry "HUN"]
[SourceTitle "playchess.com"]
[Source "ChessBase"]
[SourceQuality "1"]

{[%evp 23,67,-9,1,-10,-9,-25,0,0,0,0,0,0,0,0,73,90,107,-15,66,74,71,52,161,157,151,170,266,255,253,46,173,177,296,262,809,687,989,950,1019,663,643,475,463,492,478,477]} 1. e4 e5 2. Nf3 Nc6 3. Bc4 Bc5 4. d3 Nf6 5. O-O d6 6. c3 a6 7. Re1 Ba7 8. Bb3 h6 {C54: Giuoco Piano: 4 c3 Nf6, main lines with 5 d4 and 5 d3} (8... O-O 9. h3 h6 10. Nbd2 Re8 11. Nf1 Be6 12. Bc2 d5 13. Qe2 dxe4 14. dxe4 Qe7 15. Ng3 Rad8 16. Nh4 Qf8 17. Nhf5 Ne7 18. Ne3 Ng6 19. Ngf5 Nf4 {½-½ (38) Giri,A (2752)-Carlsen,M (2834) Wijk aan Zee 2018}) 9. Nbd2 g5 {[%cal Bg7g5,Bg5g4][%mdl 32]} 10. Nf1 g4 11. N3d2 h5 12. Nc4 h4 {LiveBook: 9 Games} 13. Nce3 Bd7 14. Qe2 $146 ({Predecessor:} 14. Nd5 Nxd5 15. exd5 Qf6 16. Be3 Bxe3 17. Rxe3 {0-1 (28) Marczuk,D (2278)-Costachi,M (2441) Katowice 2017}) 14... Qe7 15. Nd5 Nxd5 16. exd5 Nd8 17. d4 $1 {[%cal Rd4e5]} f6 18. Qc4 Nf7 (18... h3 $11) 19. Qxc7 $16 O-O 20. Qc4 (20. Be3 $16) 20... Bb5 (20... f5 $11) 21. Qb4 $36 {[%mdl 2048] White is on the roll.} f5 22. Bc2 f4 {[#]} (22... Bd7 $14) 23. Bxf4 $1 $18 {[%mdl 512]} Qf6 (23... exf4 24. Rxe7) 24. Be3 Bxf1 (24... exd4 $142 25. cxd4 h3) 25. Rxf1 h3 26. Be4 $2 ({Better is} 26. Rae1 $18) 26... hxg2 ({Black should play} 26... exd4 $14 27. Bxd4 (27. cxd4 Rae8 $14) 27... Bxd4 28. Qxd4 (28. cxd4 $2 Ng5 $19) 28... Qxd4 29. cxd4 Ng5) 27. Bxg2 Kg7 (27... exd4 $142 28. cxd4 Rae8) 28. dxe5 {[%cal Bd4e5,Be5e6][%mdl 32]} Qh4 $2 {[#]} (28... Nxe5 29. Qxb7+ Qf7 30. Qxf7+ (30. Qxa6 $2 Bxe3 31. fxe3 Rxa6 $19) 30... Rxf7) 29. e6 {White is clearly winning.} Ne5 30. Bxa7 Rh8 31. Qf4 Rxa7 32. Qg3 Raa8 33. f4 Nc4 34. Rae1 {Precision: White = 53%, Black = 22%.} 1-0

[Event "Budapest Spring Festival 2018"]
[Site "Budapest"]
[Date "2018.04.20"]
[Round "3"]
[White "Turov, Maxim"]
[Black "Dedebas, Emre Emin"]
[Result "1/2-1/2"]
[WhiteElo "2610"]
[BlackElo "2320"]
[Annotator "TA"]
[PlyCount "86"]
[EventDate "2018.??.??"]
[EventType "swiss"]
[EventCountry "HUN"]
[SourceTitle "playchess.com"]
[Source "ChessBase"]
[SourceQuality "1"]

{[%evp 22,86,30,13,26,12,46,34,40,35,52,43,48,47,55,55,55,54,63,50,53,42,77,62,72,24,14,9,27,0,30,34,270,228,261,72,67,8,12,-19,10,0,0,-12,-15,-14,-14,-29,-20,-20,-20,-20,-12,-12,-12,-12,-12,-12,-12,-8,-4,-12,-12,-12,-12,-12,-12]} 1. d4 d5 2. c4 dxc4 3. e4 Nf6 4. e5 Nd5 5. Bxc4 Nb6 6. Bb3 Nc6 7. Ne2 Bf5 8. Nbc3 e6 9. O-O Qd7 10. a3 Be7 11. Be3 Rd8 12. Qc1 {LiveBook: 5 Games. D20: Queen's Gambit Accepted: 3 e3 and 3 e4} O-O 13. Rd1 Qc8 $146 (13... Na5 $5 {[%cal Ra5b3]} 14. Bc2 Bxc2 15. Qxc2 Qc6 $11) ({Predecessor:} 13... Kh8 14. Ng3 Bg6 15. f4 Bh4 16. d5 exd5 17. Bxb6 cxb6 18. Bxd5 Bxg3 19. hxg3 Bh5 20. Bf3 Qf5 21. Bxh5 Qxh5 22. Qe3 h6 23. b4 Ne7 24. Qf3 Qg6 25. Nb5 {1-0 (25) Goldin,A (2600)-Zilberman,Y (2485) Tel Aviv 1996}) 14. Ng3 {White is slightly better.} Bg6 15. Ba2 Rd7 16. b4 Qd8 {[%cal Rc6d4]} 17. Nge2 a6 18. Bb3 Re8 19. f3 Bf8 20. Ne4 Nd5 21. Bg5 Be7 22. Bxe7 Ndxe7 23. Qb2 {And now Nc5 would win.} Bxe4 24. fxe4 Ng6 25. Qc3 Qg5 26. Ba4 Nf4 $2 (26... Nge7 $14) 27. Nxf4 $18 Qxf4 {[#]} 28. Bxc6 $2 (28. d5 $1 $18 {and the rest is easy.}) 28... bxc6 $16 29. Qf3 ({Much weaker is} 29. Qxc6 $6 Qe3+ 30. Kh1 Red8 $11) (29. Re1 $1 $14) 29... Qg5 $1 $11 30. Rd3 Red8 31. Rad1 h6 32. g3 a5 33. bxa5 c5 {[%cal Rc5d4]} 34. Qf2 Qg4 {Hoping for ...cxd4.} 35. Qf4 {The position is equal.} Qxf4 36. gxf4 cxd4 {[%mdl 4096] Endgame KRR-KRR} 37. Rc1 Ra8 38. Rc5 c6 39. Kf2 Rda7 40. Rxd4 Rxa5 41. Rxa5 Rxa5 42. a4 g5 43. Kg3 Kh7 {Precision: White = 47%, Black = 51%.} 1/2-1/2